Revolución y política exterior China: el apoyo de Pekín a las guerras de liberación nacional
Salvato in:
| Autore principale: | |
|---|---|
| Natura: | Libro |
| Lingua: | spagnolo |
| Pubblicazione: |
Buenos Aires
Líbera
1974
|
| Soggetti: | |
| Tags: |
Aggiungi Tag
Nessun Tag, puoi essere il primo ad aggiungerne!!
|
MARC
| LEADER | 00000nam a2200000 a 4500 | ||
|---|---|---|---|
| 001 | UCT7057 | ||
| 003 | CL-VaPUC | ||
| 008 | 970116e19740000AG |||||||||||||||||spa|d | ||
| 082 | 0 | 4 | |a 327.1 |b NES |2 21 |
| 100 | |a Ness, Peter van |e autor |9 377652 | ||
| 245 | 1 | 0 | |a Revolución y política exterior China: el apoyo de Pekín a las guerras de liberación nacional |
| 300 | |a 285 p | ||
| 942 | |c BK | ||
| 945 | |d 19970116 00:00:00 |a paguirre | ||
| 260 | |a Buenos Aires |b Líbera |c 1974 | ||
| 650 | 7 | |a REVOLUCION |2 CL-VaPUC |9 338298 | |
| 650 | 0 | |a Relaciones Internacionales |9 255740 | |
| 650 | 0 | |a Política internacional |9 255813 | |
| 650 | 0 | |a Actividades subversivas |9 315237 | |
| 650 | 0 | |a Revolución cultural |9 340386 | |
| 650 | 0 | |a Cambio cultural |9 338163 | |
| 651 | 0 | |a China |9 257545 | |
| 651 | 7 | |a PEKIN |2 CL-VaPUC |9 341262 | |
| 583 | |a last modification |c 19970116 00:00:00 |k Rodrigo Vera | ||
| 999 | |c 255719 |d 255717 | ||
| 952 | |0 0 |1 0 |4 0 |6 327_100000000000000_NES_1974 |7 0 |8 A |9 278105 |a BIBDER |b BIBDER |d 2019-11-19 |i 1805738 |o 327.1 NES 1974 |p 1805738 |r 2023-01-25 |w 2019-11-19 |y BK |k DER | ||
| 952 | |0 0 |1 0 |4 0 |6 327_100000000000000_NES_1974 |7 0 |8 A |9 278106 |a BIBHIS |b BIBHIS |d 2019-11-19 |i 3350924 |o 327.1 NES 1974 |p 3350924 |r 2025-01-20 |w 2019-11-19 |y BK |k HIS | ||
| 952 | |0 0 |1 0 |4 0 |6 327_100000000000000_NES_1974 |7 0 |8 A |9 278107 |a BIBGIM |b BIBGIM |d 2019-11-19 |i 3614204 |o 327.1 NES 1974 |p 3614204 |r 2025-01-15 |w 2019-11-19 |y BK |k ORI | ||